000 00371nam a2200157Ia 4500
003 Ost
005 20260225132547.0
008 260225s9999||||xx |||||||||||||| ||und||
040 _cfsic
041 _afre
082 _a440
100 _aPerry Andersan
_eAuteur
245 0 _aLes passages de l'antiquité au féolalisme /
245 0 _cPerry Andersan
942 _cكتاب
999 _c33903
_d33903